000 00375nam a2200133 4500
999 _c3980
_d3980
008 200709b ||||| |||| 00| 0 eng d
082 0 0 _a623.81
_bS3582
100 _91508
_aSchneekluth, H.
245 1 0 _aShip design for efficiency and economy /
_cby H. Schneekluth
260 _aLondon
_bButterworths
_c1987
300 _a266 p.
650 0 _aNaval Architecture
942 _2ddc
_cBK